000 00593aas a2200181 4500
999 _c50122
_d50122
001 768714001
003 CO-MdFUSB
005 20170913084316.0
008 170913s2001 ag ||||| |||| 00| 0 spa d
022 _a0326-6737
040 _aCO-MdFUSB
_bspa
_cCO-MdFUSB
_dCO-MdFUSB
041 _aspa
100 1 _aAgüero, Elsa Beatriz
_eautor
245 1 0 _aExperiencias religiosas y psicopatología
_c/ Agüero, Elsa Beatriz
300 _aVolumen 20 (2001), páginas 295-305
_c: 23 cm.
773 0 _tCuadernos de Teología
_049404
_959701
_gVolumen 20 (2001), páginas 295-305
_qPágina 295
942 _cANA